000 00977nam a22002297a 4500
999 _c58816
_d58816
005 20221105194206.0
008 220919s2021 enk||||| |||| 00| 0 eng d
020 _a9781839691201 1
041 _aeng
080 _a615.12+57 E-66
245 _aErythrocyte - A Peripheral Biomarker For Infection and Inflammation /
_hEdited by Kaneez Fatima Shad.
264 _aLondon,
_c2021.
300 _a105 p.:
_bill.;
_c26 cm.
653 _aЭритроцит: периферический биомаркер инфекции и воспаления
653 _aერითროციტი: პერიფერიული ბიომარკერი ინფექციისა და ანთებისთვის
653 _aЭритроциты
653 _aмедицина
653 _aმედიცინა
653 _aერიტრიციტები
700 _aShad, Kaneez Fatima
_eრედაქტორი
_914626
942 _2udc
_cBK